Report on the twenty-third session, 9-12 May, 2005 (Record no. 56238)

MARC details
000 -LEADER
fixed length control field 00898nam a2200193 a 4500
008 - FIXED-LENGTH DATA ELEMENTS--GENERAL INFORMATION
fixed length control field 060710s2005 ||||||||||||||||| || u
050 ## - LIBRARY OF CONGRESS CALL NUMBER
Classification number UN-ESCWA(02)
110 ## - MAIN ENTRY--CORPORATE NAME
Corporate name or jurisdiction name as entry element United Nations Economic and Social Commission for Western Asia (ESCWA)
245 10 - TITLE STATEMENT
Title Report on the twenty-third session, 9-12 May, 2005
246 ## - VARYING FORM OF TITLE
Title proper/short title economic and social council, official records:2005
260 ## - PUBLICATION, DISTRIBUTION, ETC.
Place of publication, distribution, etc. New York
Name of publisher, distributor, etc. United Nations Economic and Social Commission for Western Asia(UN-ESCWA)
Date of publication, distribution, etc. 2005
300 ## - PHYSICAL DESCRIPTION
Extent 48p.
350 ## - PRICE (NR) (BK AM CF MU VM SE) [OBSOLETE]
Price 0.00
490 ## - SERIES STATEMENT
Series statement United Nations Economic and Social Commission for Western Asia
500 ## - GENERAL NOTE
General note supplement no. 21
650 ## - SUBJECT ADDED ENTRY--TOPICAL TERM
Topical term or geographic name entry element MILLENIUM DEVELOPMENT GOALS
650 ## - SUBJECT ADDED ENTRY--TOPICAL TERM
Topical term or geographic name entry element ECONOMIC DEVELOPMENT--SOCIAL ASPECTS
995 ## - RECOMMENDATION 995 [LOCAL, UNIMARC FRANCE]
-- 0.00
-- CBU-MAIN LIBRARY (Kitwe)
-- 1
-- 0.00
-- 1
-- AVAILABLE
-- Jul 10, 2006
-- International Publications
Holdings
Withdrawn status Lost status Source of classification or shelving scheme Damaged status Not for loan Home library Current library Shelving location Date acquired Total Checkouts Full call number Barcode Date last seen Price effective from Koha item type
          CBU-MAIN LIBRARY, KITWE. CBU-MAIN LIBRARY, KITWE.   11/30/2022   UN-ESCWA(02) 44247 11/30/2022 11/30/2022 MONOGRAPH